000 00360nam a2200145Ia 4500
008 230917s9999||||xx |||||||||||||| ||und||
040 _e29814
_aMAIN
041 _aEnglish
082 _a005.1 M318W
100 _aMansfield, Ron
245 0 _aWorking in microsoft office
260 _aNew Delhi
_bTata McGraw-Hill
_c1997
300 _axxx,1000 p.
942 _cBK
999 _c92211
_d92211